|
|
|
|
| LEADER |
00000cam a2200000 a 4500 |
| 001 |
vtls009591269 |
| 003 |
SK-MaSNL |
| 005 |
20260302010223.0 |
| 008 |
090627s1991 xo g 000 0 slo |
| 020 |
|
|
|a 8085128306 (viaz.)
|
| 035 |
|
|
|a TNKK071807
|
| 040 |
|
|
|a SNK
|b slo
|c SNK
|e AACR2
|
| 041 |
1 |
|
|a slo
|h und
|
| 044 |
|
|
|a xo
|c SK
|
| 072 |
|
7 |
|a 2-23/-27
|x Biblia. Biblistika
|2 konspekt
|
| 072 |
|
7 |
|a 783
|x Cirkevná hudba. Duchovná hudba. Náboženská hudba
|2 konspekt
|
| 080 |
|
|
|a 27-23
|2 2001
|
| 080 |
|
|
|a 26-24
|2 2001
|
| 080 |
|
|
|a 783.27
|2 2001
|
| 080 |
|
|
|a (0:82-9)
|2 2001
|
| 080 |
|
|
|a (035)
|2 2001
|
| 245 |
0 |
0 |
|a Sväté písmo Starý zákon 2
|n druhá časť
|p [Žaltár a či kniha žalmov]
|
| 246 |
3 |
0 |
|a Žaltár a či kniha žalmov
|
| 250 |
|
|
|a 3. nezm. vyd.
|
| 260 |
|
|
|a Bratislava
|b Vesna
|c 1991
|
| 300 |
|
|
|a S. 706-1125
|c 18 cm
|
| 500 |
|
|
|a Vyd. Spolok sv. Vojtecha v Trnave
|
| 630 |
0 |
7 |
|a Biblia
|p Žalmy
|2 SNKPH
|9 162798
|
| 650 |
0 |
7 |
|a žalmy
|2 SNKPH
|9 1744
|
| 655 |
|
7 |
|a texty
|2 SNKPH
|9 70511
|
| 655 |
|
7 |
|a príručky
|2 SNKPH
|9 74364
|
| 919 |
|
|
|a 80-85128-30-6
|
| 999 |
|
|
|c 1002380
|d 1004310
|
| 952 |
|
|
|a SNK
|b SNK
|y PREZ
|7 0
|p 17A0646954
|o snkSD 62190/2/2
|i snk2010/4368
|8 5
|0 0
|1 0
|4 0
|d 2010-03-04
|l 0
|r 2026-02-24 12:24:53
|w 2026-02-24
|